[Event "Reykjavik Open"]
[Site "Reykjavik ISL"]
[Date "2012.03.12"]
[Round "8.85"]
[White "Mehringer, Joerg"]
[Black "Davidsdottir, Nansy"]
[Result "1/2-1/2"]
[WhiteElo "1903"]
[BlackElo "1379"]
[WhiteFideId "12915351"]
[BlackFideId "2309491"]
[EventDate "2012.03.06"]

1. e4 c5 2. g3 e6 3. Bg2 Nc6 4. Ne2 d5 5. exd5 exd5 6. O-O Nf6 7. h3 Be7 8. d4
c4 9. Nbc3 O-O 10. Nf4 Be6 11. Nxe6 fxe6 12. Ne2 Bd6 13. Nf4 Bxf4 14. Bxf4 Qb6
15. Bd6 Rfe8 16. Bc5 Qc7 17. Re1 Nd7 18. Ba3 b5 19. b3 b4 20. Bc1 c3 21. Qd3 Qb6
22. Be3 a5 23. f4 Nf6 24. Bf2 Qc7 25. Re2 Qd7 26. Rae1 Nd8 27. g4 Nf7 28. g5 Nh5
29. Qf3 g6 30. Qg4 Ng7 31. h4 Ra6 32. Bf3 Nd6 33. Bxd5 Ndf5 34. Bc4 Rd6 35. Re5
Qc7 36. d5 Kf7 37. dxe6+ Nxe6 38. Bxe6+ Rexe6 39. Rxe6 Rxe6 40. Rxe6 Kxe6 41.
Qe2+ Kf7 42. h5 Qxf4 43. hxg6+ Kxg6 44. Bb6 Qc1+ 45. Kf2 Qf4+ 46. Ke1 Qg3+ 47.
Kf1 Qf4+ 48. Qf2 Qc1+ 49. Qe1 Qf4+ 50. Qf2 Qc1+ 51. Kg2 Qxg5+ 52. Kh1 Ng3+ 53.
Kh2 Ne4 54. Qg2 Qxg2+ 55. Kxg2 Nf6 56. Bxa5 Nd5 57. Kf3 Kf5 58. Bd8 h6 59. Bh4
Ke5 60. Bg3+ Kd4 61. Bf2+ Ke5 62. Bc5 Kf5 63. Bf8 h5 64. Bd6 Ke6 65. Bb8 Kf5 66.
Bd6 Ke6 67. Bc5 Kf5 68. a4 bxa3 69. Bxa3 h4 70. Bc5 h3 71. b4 Ke6 72. b5 Kd7 73.
Kg3 Nc7 74. b6 Nd5 75. Kxh3 Kc6 76. Bd4 Nxb6 77. Bxc3 Kc5 78. Kg3 Kc4 79. Bd2
Nd5 80. Kf3 Nb4 1/2-1/2

[Event "Reykjavik Open"]
[Site "Reykjavik ISL"]
[Date "2012.03.12"]
[Round "8.88"]
[White "Gundersen, Ingvar"]
[Black "Stefansson, Vignir Vatnar"]
[Result "1-0"]
[WhiteElo "1814"]
[BlackElo "1474"]
[WhiteFideId "1709585"]
[BlackFideId "2308649"]
[EventDate "2012.03.06"]

1. e4 c5 2. Nf3 e6 3. b3 Nc6 4. Bb2 Qc7 5. Nc3 a6 6. g3 Nf6 7. Bg2 Be7 8. O-O d6
9. Re1 O-O 10. h3 Rb8 11. d3 Rd8 12. Ne2 e5 13. Kh2 h6 14. Nh4 Be6 15. f4 Nd7
16. f5 Bxh4 17. gxh4 Re8 18. Ng3 Bxb3 19. axb3 Qd8 20. Qg4 Nf6 21. Qf3 Nd7 22.
h5 Nb4 23. Re2 Nf6 24. Bc3 Nc6 25. Rg1 d5 26. exd5 Ne7 27. Bxe5 1-0

[Event "Reykjavik Open"]
[Site "Reykjavik ISL"]
[Date "2012.03.12"]
[Round "8.90"]
[White "Kazmierczak, Ewa"]
[Black "Edakina, Maria"]
[Result "1/2-1/2"]
[WhiteElo "1462"]
[BlackElo "1657"]
[WhiteFideId "1154877"]
[BlackFideId "4156153"]
[EventDate "2012.03.06"]

1. e4 e5 2. Nf3 Nf6 3. Nxe5 d6 4. Nf3 Nxe4 5. Nc3 Nxc3 6. dxc3 Nc6 7. Bf4 Be7 8.
Qd2 Be6 9. Nd4 Nxd4 10. cxd4 d5 11. Bd3 O-O 12. O-O Bf6 13. c3 b6 14. Rfe1 c5
15. dxc5 bxc5 16. Qc2 g6 17. Rad1 Qb6 18. a3 a5 19. Qd2 Rfd8 20. Be5 Bxe5 21.
Rxe5 Kg7 22. h3 Rab8 23. Re2 Rd6 24. Qe3 Rbd8 25. Red2 R8d7 26. Qe2 Rd8 27. Qe3 1/2-1/2

[Event "Reykjavik Open"]
[Site "Reykjavik ISL"]
[Date "2012.03.12"]
[Round "8.91"]
[White "Lensebakken, Jonar"]
[Black "Palsdottir, Soley Lind"]
[Result "1/2-1/2"]
[WhiteElo "1643"]
[BlackElo "1323"]
[WhiteFideId "1515462"]
[BlackFideId "2306824"]
[EventDate "2012.03.06"]

1. d4 d5 2. Nf3 c6 3. Bg5 Nd7 4. e3 Ngf6 5. c4 e6 6. Qc2 Be7 7. Nbd2 O-O 8. Bd3
dxc4 9. Nxc4 b5 10. Ncd2 Bb7 11. O-O a6 12. Ne4 g6 13. a3 Nxe4 14. Bxe7 Qxe7 15.
Bxe4 Rac8 16. b4 e5 17. dxe5 Nxe5 18. Nxe5 Qxe5 19. Bf3 Qe7 20. Qe4 Rfe8 21.
Qxe7 Rxe7 22. Rac1 Kf8 23. Rfd1 Ke8 24. Rc5 Rec7 25. h4 Rd8 26. Rdc1 Rd3 27.
R1c3 Rxc3 28. Rxc3 Ke7 1/2-1/2

[Event "Reykjavik Open"]
[Site "Reykjavik ISL"]
[Date "2012.03.12"]
[Round "8.93"]
[White "Johannesson, Kristofer Joel"]
[Black "Steinthorsson, Felix"]
[Result "1/2-1/2"]
[WhiteElo "1449"]
[BlackElo "1298"]
[WhiteFideId "2306760"]
[BlackFideId "2310040"]
[EventDate "2012.03.06"]

1. e4 e6 2. d4 d5 3. Nc3 Bb4 4. e5 c5 5. a3 Bxc3+ 6. bxc3 c4 7. Qg4 g6 8. Bg5
Qa5 9. Ne2 Nc6 10. g3 h6 11. Bd2 Bd7 12. f4 O-O-O 13. Qf3 Nge7 14. Bh3 h5 15.
O-O Nf5 16. Rfb1 Rdg8 17. Nc1 Qd8 18. Ne2 f6 19. Rb2 fxe5 20. fxe5 Rf8 21. Bxf5
Rxf5 22. Qe3 g5 23. h3 Qf8 24. Rab1 b6 25. Re1 g4 26. h4 Rg8 27. Rbb1 Ne7 28.
Rf1 Ba4 29. Rbc1 Qg7 30. Nf4 Kd7 31. Rf2 1/2-1/2

[Event "Reykjavik Open"]
[Site "Reykjavik ISL"]
[Date "2012.03.13"]
[Round "9.2"]
[White "Sokolov, Ivan"]
[Black "Avrukh, Boris"]
[Result "1/2-1/2"]
[WhiteTitle "GM"]
[BlackTitle "GM"]
[WhiteElo "2653"]
[BlackElo "2591"]
[WhiteFideId "14400030"]
[BlackFideId "2803895"]
[EventDate "2012.03.06"]

1. d4 Nf6 2. c4 g6 3. Nc3 d5 4. Bf4 Bg7 5. Nf3 O-O 6. Rc1 dxc4 7. e4 Bg4 8. Bxc4
Bxf3 9. gxf3 Nh5 10. Be3 e5 11. dxe5 Bxe5 12. Qxd8 Rxd8 13. Ne2 Nc6 14. O-O Nd4
15. Nxd4 Bxd4 16. b4 a6 17. Rfd1 Bxe3 18. fxe3 Kf8 19. Kf2 Ke7 20. f4 c6 21. a4
Ng7 22. a5 Ne8 23. Rd4 Nd6 24. Bd3 Rac8 25. h4 Ne8 26. Rc5 Nf6 27. Kf3 Rxd4 28.
exd4 Rd8 29. Rc4 h5 30. Bf1 Ng4 31. Bg2 Nh2+ 32. Ke2 Ng4 33. Kd2 Rd7 34. Bf3 Nh2
35. Bh1 Ng4 36. Bf3 Nh2 37. Bg2 Ng4 38. Kd3 Nf2+ 39. Kc3 Nd1+ 40. Kd2 Nf2 41.
Rc5 Ng4 42. Kc3 Nf2 43. Bf3 Nh3 44. f5 Nf4 45. fxg6 fxg6 46. d5 cxd5 47. exd5
Kd6 48. Kd4 Rf7 49. Rc8 Ne6+ 50. Ke3 Ng7 51. Be4 Nf5+ 52. Kd3 Nxh4 53. Re8 Nf5
54. Re6+ Kc7 55. Rxg6 Nd6 56. Bg2 h4 57. Kd4 Rf2 58. Rg7+ Rf7 59. Rg6 Rf2 60.
Rg7+ Rf7 1/2-1/2

[Event "Reykjavik Open"]
[Site "Reykjavik ISL"]
[Date "2012.03.13"]
[Round "9.6"]
[White "Williams, Simon K"]
[Black "Maze, Sebastien"]
[Result "0-1"]
[WhiteTitle "GM"]
[BlackTitle "GM"]
[WhiteElo "2506"]
[BlackElo "2577"]
[WhiteFideId "404454"]
[BlackFideId "613762"]
[EventDate "2012.03.06"]

1. e4 c6 2. d4 d5 3. e5 Bf5 4. Nf3 e6 5. Be2 c5 6. Be3 Qb6 7. Nbd2 Nc6 8. dxc5
Bxc5 9. Bxc5 Qxc5 10. c3 Nge7 11. O-O Qb6 12. Qb3 Qc7 13. c4 O-O 14. cxd5 Nxd5
15. Rac1 Rfd8 16. Bd3 Nf4 17. Bxf5 Ne2+ 18. Kh1 Nxc1 19. Bxh7+ Kxh7 20. Rxc1 Qd7
21. Ne4 Qd3 22. Neg5+ Kg8 23. Qxb7 Nxe5 24. h4 Qd5 25. Qc7 Nd7 26. Qf4 f6 27.
Ne4 Rac8 28. Nc3 Qc4 29. Qg3 Nc5 30. Re1 Nd3 31. Re4 Qc7 32. Rxe6 Qxg3 33. fxg3
Nxb2 34. Nb5 a5 35. Nfd4 Re8 36. Ra6 Ra8 37. Rc6 Rac8 38. Ra6 Nd3 39. Rxa5 Nf2+
40. Kh2 Ng4+ 41. Kh3 Re4 42. Nb3 Rd8 43. N5d4 Rdxd4 44. Nxd4 Rxd4 45. Rf5 Ne5
46. Rf4 Rd1 47. g4 Ng6 48. Rf2 Rh1+ 49. Kg3 Rxh4 50. a4 Rh1 51. Ra2 Rc1 52. a5
Rc3+ 53. Kf2 Rc7 54. a6 Ra7 55. Ke3 Ne5 56. Kd4 Nc6+ 57. Kc5 Nb8 58. Rd2 Kf7 59.
Kb6 Rxa6+ 60. Kb7 Ra4 61. Kxb8 Rxg4 62. Kc7 Ke6 63. Re2+ Kf5 64. Kd6 Re4 65.
Rf2+ Kg4 66. Kd5 f5 67. Ra2 g5 68. Rf2 Re3 69. Kd4 f4 70. Rb2 Kg3 71. Rb5 g4 72.
Rb2 Re1 0-1

[Event "Reykjavik Open"]
[Site "Reykjavik ISL"]
[Date "2012.03.13"]
[Round "9.7"]
[White "Danielsen, Henrik"]
[Black "Ipatov, Alexander"]
[Result "1-0"]
[WhiteTitle "GM"]
[BlackTitle "GM"]
[WhiteElo "2504"]
[BlackElo "2561"]
[WhiteFideId "1400185"]
[BlackFideId "14116731"]
[EventDate "2012.03.06"]

1. d4 g6 2. c3 Bg7 3. e4 d6 4. Bg5 Nd7 5. Nd2 h6 6. Be3 b6 7. h4 Ngf6 8. f3 Bb7
9. g4 e6 10. Ne2 Qb8 11. Bh3 c5 12. g5 hxg5 13. hxg5 Nh5 14. Bg4 Qc7 15. Bxh5
gxh5 16. Nf4 O-O-O 17. Qb3 h4 18. d5 e5 19. Nh3 Rdf8 20. a4 a6 21. O-O-O f5 22.
gxf6 Bxf6 23. Rdg1 Rfg8 24. Rg4 Qd8 25. Nc4 Kc7 26. Rhg1 Qf8 27. Kb1 Bd8 28. f4
Rxg4 29. Rxg4 Rg8 30. Rxg8 Qxg8 31. fxe5 dxe5 32. Nxb6 Qg6 33. d6+ Kxd6 34. Qd1+ 1-0

[Event "Reykjavik Open"]
[Site "Reykjavik ISL"]
[Date "2012.03.13"]
[Round "9.8"]
[White "Hess, Robert L"]
[Black "Hunt, Adam C"]
[Result "1-0"]
[WhiteTitle "GM"]
[BlackTitle "IM"]
[WhiteElo "2635"]
[BlackElo "2454"]
[WhiteFideId "2022036"]
[BlackFideId "403970"]
[EventDate "2012.03.06"]

1. d4 Nf6 2. c4 g6 3. Nc3 d5 4. Bg5 Ne4 5. Bh4 Nxc3 6. bxc3 dxc4 7. e3 Be6 8.
Rb1 Nd7 9. Nf3 Nb6 10. Be2 Bg7 11. O-O Bf5 12. Rc1 O-O 13. Nd2 Bd3 14. Bxd3 cxd3
15. Nb3 Re8 16. c4 Qd7 17. c5 Nd5 18. c6 bxc6 19. Nc5 Qd6 20. Bg3 e5 21. Nxd3 f6
22. Qc2 a5 23. Rfd1 Qe6 24. dxe5 fxe5 25. Nc5 Qf7 26. Qa4 Red8 27. Bh4 Bf6 28.
Bxf6 Qxf6 29. Ne4 Qf7 30. h3 Rf8 31. Rxc6 Nb6 32. Qb5 Rad8 33. Rxd8 Rxd8 34.
Qxe5 Nd5 35. Rc5 1-0

[Event "Reykjavik Open"]
[Site "Reykjavik ISL"]
[Date "2012.03.13"]
[Round "9.9"]
[White "Kuzubov, Yuriy"]
[Black "Gretarsson, Hjorvar Steinn"]
[Result "1/2-1/2"]
[WhiteTitle "GM"]
[BlackTitle "IM"]
[WhiteElo "2615"]
[BlackElo "2460"]
[WhiteFideId "14112906"]
[BlackFideId "2302241"]
[EventDate "2012.03.06"]

1. e4 c5 2. Nf3 e6 3. g3 Nc6 4. Bg2 Nf6 5. Qe2 d5 6. exd5 Nxd5 7. O-O Be7 8. Rd1
e5 9. c3 Bg4 10. h3 Bh5 11. d3 f6 12. d4 exd4 13. g4 Bf7 14. cxd4 O-O 15. Nc3 c4
16. Nh4 Re8 17. Nf5 Bf8 18. Qf3 Ndb4 19. Be3 Rc8 20. Rd2 Nd3 21. Nd5 Re6 22. Nf4
Re8 23. Nxd3 cxd3 24. Rxd3 Nb4 25. Rc3 Nd5 26. Rxc8 Qxc8 27. Rc1 Qd7 28. Bd2 Qb5
29. b3 Qb6 30. Re1 Rc8 31. Qe4 Qa6 32. a4 Qb6 33. Ne3 Rd8 34. Nxd5 Bxd5 35.
Qxd5+ Rxd5 36. Bxd5+ Kh8 37. Re8 Qd6 38. Bf4 Qb4 39. h4 h6 40. h5 g5 41. hxg6
Kg7 42. Be3 Kxg6 43. Rb8 f5 44. gxf5+ Kxf5 45. Rxb7 Qd6 46. Bg2 Qg6 47. Rxa7 Bd6
48. Ra8 Qg4 49. f3 Qh4 50. Bf2 Bg3 51. Rf8+ Ke6 52. d5+ Ke7 53. Bc5+ Bd6 54.
Bxd6+ Kxd6 55. Re8 Qd4+ 56. Kh1 Qh4+ 57. Kg1 Qd4+ 58. Kh1 Qh4+ 1/2-1/2

[Event "Reykjavik Open"]
[Site "Reykjavik ISL"]
[Date "2012.03.13"]
[Round "9.13"]
[White "Papin, Vasily"]
[Black "Arngrimsson, Dagur"]
[Result "1-0"]
[WhiteTitle "GM"]
[BlackTitle "IM"]
[WhiteElo "2575"]
[BlackElo "2361"]
[WhiteFideId "4143183"]
[BlackFideId "2301288"]
[EventDate "2012.03.06"]

1. Nf3 Nf6 2. c4 c6 3. Qc2 d5 4. e3 g6 5. b3 Bg7 6. Bb2 O-O 7. Be2 Na6 8. d3 Nb4
9. Qd2 c5 10. a3 Nc6 11. cxd5 Qxd5 12. Qc2 b6 13. O-O Bb7 14. Nbd2 Rfd8 15. Rfd1
Rac8 16. Rac1 Ne8 17. Bxg7 Nxg7 18. Qb2 Ne6 19. b4 cxb4 20. axb4 Qb5 21. Rb1 Nc7
22. Nc4 Nd5 23. e4 Nf4 24. Bf1 Qh5 25. b5 Na5 26. Nxa5 bxa5 27. Qa2 Rc5 28. Qxa5
Rdc8 29. Ne1 a6 30. Qd2 Qh6 31. g3 Nh3+ 32. Kg2 Qxd2 33. Rxd2 Ng5 34. bxa6 Bxa6
35. h4 Ne6 36. d4 Bxf1+ 37. Kxf1 Rc4 38. Nf3 Rd8 39. Rbd1 h5 40. Ke2 Kg7 41. Ke3
Ra4 42. Rc1 Rd7 43. d5 Nf8 44. Nd4 Nh7 45. Rc8 Nf6 46. f3 Ra3+ 47. Ke2 Rb7 48.
Nc2 Ra5 49. Ne3 Ra3 50. e5 Nd7 51. f4 Nb6 52. Rcc2 Rd7 53. Rc6 Na4 54. Rd3 Ra2+
55. Kf3 Rb2 56. f5 Nb6 57. fxg6 fxg6 58. Kf4 Na4 59. Rd4 Nb6 60. Kg5 Rb3 61.
Rxg6+ Kh7 62. Kxh5 Rxe3 63. Rh6+ 1-0

[Event "Reykjavik Open"]
[Site "Reykjavik ISL"]
[Date "2012.03.07"]
[Round "2.45"]
[White "Vuilleumier, Alexandre"]
[Black "Sverrisson, Nokkvi"]
[Result "1-0"]
[WhiteTitle "IM"]
[WhiteElo "2350"]
[BlackElo "1928"]
[WhiteFideId "1305662"]
[BlackFideId "2304376"]
[EventDate "2012.03.06"]

1. e4 c5 2. Nf3 d6 3. c3 Nf6 4. h3 g6 5. Bd3 Bg7 6. O-O O-O 7. Re1 b6 8. Bc2 Bb7
9. d4 cxd4 10. cxd4 Nbd7 11. Nc3 Qc7 12. Bg5 a6 13. Rc1 Rac8 14. Qd2 e5 15. d5
b5 16. Bb1 Qb8 17. Nh2 Nb6 18. b3 Nfd7 19. Ng4 b4 20. Ne2 a5 21. Nh6+ Kh8 22.
Be7 Bxh6 23. Qxh6 Rfe8 24. Bg5 Ba6 25. Ng3 Kg8 26. Nf1 f6 27. Bd2 Rxc1 28. Bxc1
Rc8 29. h4 Rc7 30. h5 Qf8 31. Qd2 Nc5 32. Nh2 Bc8 33. hxg6 hxg6 34. Bc2 Rh7 35.
a3 g5 36. Qe3 Qh6 37. Qg3 Bd7 38. axb4 axb4 39. Bd2 Na6 40. f4 Qg6 41. fxg5 Nxd5
42. Ng4 Bxg4 43. Qxg4 Nc5 44. Rf1 Rg7 45. Qc8+ Kh7 46. Rf3 Rg8 47. Qh3+ Kg7 48.
Qh6+ 1-0

[Event "Reykjavik Open"]
[Site "Reykjavik ISL"]
[Date "2012.03.07"]
[Round "2.65"]
[White "Hardarson, Jon Trausti"]
[Black "Mass, Elvira"]
[Result "1/2-1/2"]
[WhiteElo "1688"]
[BlackElo "2040"]
[WhiteFideId "2302594"]
[BlackFideId "4695623"]
[EventDate "2012.03.06"]

1. e4 d6 2. d4 Nf6 3. Nc3 g6 4. Nf3 Bg7 5. h3 O-O 6. Be3 Nbd7 7. Qd2 c5 8. Be2
a6 9. a4 b6 10. O-O cxd4 11. Nxd4 Bb7 12. Bd3 Nc5 13. f3 Nxd3 14. cxd3 d5 15. e5
Ne8 16. f4 e6 17. Rac1 Rc8 18. Nce2 Nc7 19. Qb4 Na8 20. Rxc8 Qxc8 21. Rc1 Qd7
22. Nb3 f6 23. exf6 Bxf6 24. Bxb6 d4 25. Nc5 Qd6 26. Bc7 Nxc7 27. Qxb7 Nd5 28.
Qxa6 Qxa6 29. Nxa6 Ra8 30. Rc6 Kf7 31. b4 e5 32. Nc7 Rc8 33. fxe5 Bxe5 34. Rc5
Nxb4 35. Rxe5 Rxc7 36. Nxd4 Rc1+ 37. Kh2 Nxd3 38. Re3 Nc5 39. a5 Ra1 40. Nc6 h5
41. Re5 Nd3 42. Re7+ Kf6 43. Ra7 h4 44. Rd7 1/2-1/2

[Event "Reykjavik Open"]
[Site "Reykjavik ISL"]
[Date "2012.03.08"]
[Round "3.53"]
[White "Sverrisson, Nokkvi"]
[Black "Edvardsson, Kristjan"]
[Result "1-0"]
[WhiteElo "1928"]
[BlackElo "2217"]
[WhiteFideId "2304376"]
[BlackFideId "2300893"]
[EventDate "2012.03.06"]

1. e4 d6 2. d4 Nf6 3. Nc3 g6 4. Be3 c6 5. Qd2 b5 6. f3 Nbd7 7. O-O-O b4 8. Nce2
a5 9. e5 Nd5 10. exd6 e6 11. Bg5 N7f6 12. Nf4 Qxd6 13. Ngh3 Bg7 14. Nxd5 Qxd5
15. Kb1 O-O 16. Nf2 Re8 17. h4 Bb7 18. h5 Nd7 19. hxg6 hxg6 20. Bh6 Bh8 21. Ne4
c5 22. Bb5 Red8 23. Bg5 f6 24. Rxh8+ Kxh8 25. Bxf6+ Nxf6 26. Nxf6 Kg7 27. Nxd5
Rxd5 28. Qe2 Kf6 29. Bc4 1-0

[Event "Reykjavik Open"]
[Site "Reykjavik ISL"]
[Date "2012.03.08"]
[Round "3.94"]
[White "Steinthorsson, Felix"]
[Black "Fridthjofsdottir, Sigurl. Regina"]
[Result "0-1"]
[WhiteElo "1298"]
[BlackElo "1731"]
[WhiteFideId "2310040"]
[BlackFideId "2300788"]
[EventDate "2012.03.06"]

1. d4 d5 2. Nf3 Nf6 3. Bf4 e6 4. e3 Be7 5. Nbd2 O-O 6. c3 c5 7. Bd3 Nc6 8. Ne5
h6 9. O-O cxd4 10. exd4 a6 11. h3 Bd7 12. Qf3 b5 13. Ng4 Nxg4 14. hxg4 Bg5 15.
Kh2 Bxf4+ 16. Qxf4 Qh4+ 17. Kg1 e5 18. dxe5 Qxg4 19. Qxg4 Bxg4 20. f4 f6 21.
Rfe1 fxe5 22. fxe5 Rae8 23. Bc2 Nxe5 24. a4 Nc4 25. Rxe8 Rxe8 26. Nxc4 dxc4 27.
axb5 axb5 28. Bg6 Rd8 29. Kh2 Be6 30. Ra5 Rb8 31. Ra7 Kf8 32. Be4 Bf7 33. Ra8
Rxa8 34. Bxa8 Be8 35. Kg3 Ke7 36. Kf4 Ke6 37. g3 Kd6 38. Bf3 Bd7 39. Be4 g5+ 40.
Ke3 Ke5 41. Bg6 Bc6 42. Bh7 h5 43. Ke2 h4 44. Kf2 h3 45. Kg1 g4 46. Bg6 Bd7 47.
Bc2 Bf5 48. Bd1 Be6 49. Bc2 Bd5 50. Bg6 Bc6 51. Kh2 Bd7 52. Bc2 Bc6 53. Bg6 Kd6
54. Bf5 Bf3 55. Bc2 Kc5 56. b3 cxb3 57. Bxb3 Be2 58. Kg1 Bd3 59. Be6 Be2 60. Kh2
Kd6 61. Bb3 Ke5 62. Bc2 Kd5 63. Bb3+ Ke4 64. c4 bxc4 65. Bc2+ Ke3 66. Bf5 c3 67.
Kg1 Bd1 0-1

[Event "Reykjavik Open"]
[Site "Reykjavik ISL"]
[Date "2012.03.11"]
[Round "7.46"]
[White "Haga, Halvor"]
[Black "Langer, Michael"]
[Result "0-1"]
[BlackTitle "FM"]
[WhiteElo "2032"]
[BlackElo "2217"]
[WhiteFideId "1507532"]
[BlackFideId "2015064"]
[EventDate "2012.03.06"]

1. f4 d5 2. Nf3 g6 3. e3 Bg7 4. Be2 Nc6 5. d4 Nf6 6. c4 e6 7. O-O O-O 8. Nc3 b6
9. Ne5 Bb7 10. b3 Re8 11. Ba3 Ne7 12. Qe1 Nd7 13. Nxd7 Qxd7 14. Bf3 c5 15. dxc5
d4 16. Rd1 Red8 17. Rd3 Nf5 18. Nd1 Bxf3 19. Rxf3 Qe7 20. e4 Ne3 21. Nxe3 dxe3
22. Qxe3 Rxd3 23. Qxd3 Rd8 24. Qe2 Bd4+ 25. Kf1 bxc5 26. Bc1 Qb7 27. f5 exf5 28.
exf5 Qd7 29. fxg6 hxg6 30. Rd3 Re8 31. Qf3 Re6 32. Qa8+ Kg7 33. Bg5 Re8 34. Qf3
Qe6 35. Bh4 Qe5 36. Bg3 Qg5 37. Bf4 Qe7 38. Bg3 f5 39. Bf2 Qe5 40. Rd1 Qxh2 41.
Qh3 Qxh3 42. gxh3 Re7 43. Bxd4+ cxd4 44. Rd3 Kf6 45. b4 Ke5 46. Kf2 0-1

[Event "Reykjavik Open"]
[Site "Reykjavik ISL"]
[Date "2012.03.13"]
[Round "9.15"]
[White "Kveinys, Aloyzas"]
[Black "Jensson, Einar Hjalti"]
[Result "1-0"]
[WhiteTitle "GM"]
[WhiteElo "2512"]
[BlackElo "2245"]
[WhiteFideId "12800040"]
[BlackFideId "2301067"]
[EventDate "2012.03.06"]

1. d4 d5 2. Nf3 Nf6 3. c4 dxc4 4. e3 e6 5. Bxc4 c5 6. O-O a6 7. Bb3 b5 8. a4 b4
9. Qe2 Bb7 10. Nbd2 Be7 11. a5 O-O 12. Nc4 Qd5 13. Rd1 cxd4 14. Nb6 Qh5 15. Nxa8
dxe3 16. Bxe3 Bxa8 17. Bc4 Nc6 18. Ng5 Qh4 19. h3 Ne4 20. Nxe4 Qxe4 21. Bb6 Qg6
22. Bd3 Qg5 23. Qe4 1-0

[Event "Reykjavik Open"]
[Site "Reykjavik ISL"]
[Date "2012.03.13"]
[Round "9.19"]
[White "Arnold, Marc T"]
[Black "Michalczak, Thomas"]
[Result "1-0"]
[WhiteTitle "IM"]
[BlackTitle "FM"]
[WhiteElo "2502"]
[BlackElo "2326"]
[WhiteFideId "2022320"]
[BlackFideId "4622634"]
[EventDate "2012.03.06"]

1. c4 e6 2. g3 d5 3. Bg2 Nf6 4. Nf3 Be7 5. O-O O-O 6. b3 b6 7. Bb2 Bb7 8. d4 Ne4
9. Nfd2 Nxd2 10. Nxd2 Nd7 11. e4 dxc4 12. Nxc4 c5 13. Qe2 cxd4 14. Bxd4 Bc5 15.
Rfd1 Qe7 16. Bxc5 Nxc5 17. Nd6 e5 18. Nf5 Qf6 19. b4 Ne6 20. Qb5 Rfd8 21. Rd7
Nd4 22. Nxd4 a6 23. Qa4 b5 24. Rxd8+ Qxd8 25. Nxb5 Bc6 26. Qc2 Bxb5 27. Rd1 Qe7
28. Qc3 Rd8 29. Rxd8+ Qxd8 30. Bf1 f6 31. Bc4+ Kh8 32. Bxb5 axb5 33. Qc6 Qb8 34.
a4 bxa4 35. Qxa4 h5 36. h3 Qc8 37. b5 Qb7 38. Qc4 Qa7 39. Qc6 h4 40. b6 Qa6 41.
gxh4 Kh7 42. h5 Qd3 43. b7 Qb1+ 44. Kh2 Qb3 45. Qc8 Qb2 46. Kg2 Qb4 47. b8=Q
Qxe4+ 48. Kh2 Qf4+ 49. Kg1 Qg5+ 50. Kf1 1-0

[Event "Reykjavik Open"]
[Site "Reykjavik ISL"]
[Date "2012.03.13"]
[Round "9.21"]
[White "Larsen, Karsten"]
[Black "Kristiansen, Jens"]
[Result "0-1"]
[WhiteTitle "FM"]
[BlackTitle "IM"]
[WhiteElo "2321"]
[BlackElo "2432"]
[WhiteFideId "1404288"]
[BlackFideId "1400061"]
[EventDate "2012.03.06"]

1. e4 c5 2. Nf3 Nc6 3. Bb5 Nf6 4. e5 Nd5 5. O-O g6 6. Re1 Bg7 7. Nc3 Nc7 8. Bxc6
dxc6 9. Ne4 Ne6 10. d3 O-O 11. Be3 b6 12. Qd2 Nd4 13. Nxd4 cxd4 14. Bh6 Bxe5 15.
Bxf8 Qxf8 16. c4 dxc3 17. bxc3 Qd8 18. d4 Bg7 19. Qe2 Qc7 20. Rad1 h6 21. Nd2
Be6 22. Nf3 b5 23. Rd2 Bf6 24. Ne5 Bd5 25. Qe3 Kg7 26. f4 e6 27. g4 Be7 28. Rf1
c5 29. h4 cxd4 30. cxd4 Bxh4 31. Rh2 Be7 32. Qh3 Rh8 33. f5 Qb6 34. Qd3 Bf6 35.
fxe6 Bxe6 36. Qe3 Bg5 37. Qe4 Rd8 38. Rd1 Bd5 39. Qd3 Bf4 40. Re2 Qe6 41. Qh3 f6
42. Rf1 g5 43. Rxf4 gxf4 44. Qh4 Rd6 45. g5 fxe5 46. Rxe5 Qf7 47. Kf2 hxg5 48.
Qxg5+ Rg6 49. Qd8 Rg2+ 50. Kf1 Qg6 51. Qxd5 Rg1+ 52. Ke2 Qc2+ 53. Kf3 0-1

[Event "Reykjavik Open"]
[Site "Reykjavik ISL"]
[Date "2012.03.13"]
[Round "9.24"]
[White "L'Ami, Alina"]
[Black "Vaarala, Eric"]
[Result "1-0"]
[WhiteTitle "WGM"]
[WhiteElo "2372"]
[BlackElo "2241"]
[WhiteFideId "1210246"]
[BlackFideId "1711962"]
[EventDate "2012.03.06"]

1. d4 Nf6 2. c4 e6 3. Nf3 c5 4. d5 b5 5. Bg5 Qa5+ 6. Nbd2 exd5 7. Bxf6 gxf6 8.
cxd5 d6 9. e3 a6 10. a4 b4 11. Nc4 Qd8 12. a5 Nd7 13. Qa4 Qc7 14. Bd3 Kd8 15.
Be4 Rb8 16. Rc1 Rg8 17. O-O Rb5 18. Bxh7 Rg7 19. Bd3 Rb8 20. Qc2 Ne5 21. Nfxe5
fxe5 22. Bf5 Bb7 23. Rcd1 Qe7 24. f4 f6 25. fxe5 fxe5 26. Be6 b3 27. Qe2 Kc7 28.
Nxe5 Bxd5 29. Bxd5 Qxe5 30. Qxa6 Be7 31. Qc6+ Kd8 32. a6 Rh7 33. a7 Qxh2+ 34.
Kf2 Bh4+ 35. Ke2 Rxa7 36. Rf8+ Ke7 37. Rf7+ 1-0

[Event "Reykjavik Open"]
[Site "Reykjavik ISL"]
[Date "2012.03.13"]
[Round "9.25"]
[White "Friedrichs, Klaus"]
[Black "Kjartansson, Gudmundur"]
[Result "1/2-1/2"]
[BlackTitle "IM"]
[WhiteElo "2283"]
[BlackElo "2357"]
[WhiteFideId "4654420"]
[BlackFideId "2301318"]
[EventDate "2012.03.06"]

1. d4 Nf6 2. Nf3 e6 3. Bg5 h6 4. Bh4 b6 5. Nbd2 Bb7 6. e3 c5 7. Bd3 Be7 8. O-O
Nc6 9. c3 O-O 10. Re1 Nh5 11. Bxe7 Qxe7 12. a3 d6 13. e4 Nf4 14. Bf1 Qf6 15. g3
Ng6 16. Nc4 Rfd8 17. Bg2 cxd4 18. cxd4 Rac8 19. Rc1 b5 20. Ne3 Na5 21. Qd3 Rxc1
22. Rxc1 Nc4 23. b3 Nxa3 24. Rc7 Rb8 25. Rd7 Nf8 26. Rxd6 Qe7 27. e5 Nd7 28. Qd2
Rc8 29. Qa5 Nb1 30. Qxa7 Rc1+ 31. Nf1 Rc7 32. Qa5 Nf8 33. Qxb5 Nc3 34. Qd3 f5
35. h4 Ne4 36. Rb6 Nd7 37. Rxb7 Rxb7 38. N3d2 Qb4 39. Nxe4 fxe4 40. Qxe4 Rb8 41.
d5 Qxe4 42. Bxe4 Nc5 43. Bg2 exd5 44. Bxd5+ Kf8 45. h5 Nxb3 46. f4 Nd4 47. Kf2
Rb5 48. Be4 Rb3 49. Nd2 Rb4 50. Ke3 Ke7 51. f5 Ra4 52. Nf3 Nxf3 53. Kxf3 Kd7 54.
Kf4 Rd4 55. Ke3 Rd1 56. g4 Rg1 57. Kf4 Rf1+ 58. Ke3 Kc7 59. Ba8 Kb6 60. e6 Kc7
61. Bf3 Kd6 62. Be2 Ra1 63. Bf3 Ra4 64. Be4 Ke5 65. Bd3 Ra7 66. Be4 Ra3+ 67. Bd3
Ra8 68. Be4 Rb8 69. Bd3 Rb7 70. Be4 Rb3+ 71. Bd3 Rb8 72. Be4 Rb4 73. Bd3 Kf6 74.
Be4 Ra4 75. Kf4 Ra3 76. Bd5 Rd3 77. Be4 Rd1 78. Ke3 Re1+ 79. Kf4 Ke7 80. Bd3 Rd1
81. Be4 Kd6 82. Ke3 Rg1 83. Kf4 Ra1 84. Ke3 Ra3+ 85. Kf4 Rc3 86. Bf3 Rc1 87. Be4
Rd1 88. Bf3 Rf1 89. Ke3 Re1+ 90. Kf4 Kc5 91. Bg2 Re2 92. Bf3 Re1 93. Bg2 Kd6 94.
Be4 Rc1 95. Bf3 Rc3 96. Be4 Rc4 97. Ke3 Ke5 98. Bd3 Rc8 99. Be4 Rc7 100. Bd3 Rb7
101. Be4 Rb3+ 102. Bd3 Kf6 103. Ke4 Rb4+ 104. Kf3 Ra4 105. Be4 Rc4 106. Ke3 Ke5
107. Bd3 Rc7 108. Be4 Ra7 109. Bd3 Ra8 110. Be4 1/2-1/2

[Event "Reykjavik Open"]
[Site "Reykjavik ISL"]
[Date "2012.03.13"]
[Round "9.26"]
[White "Cherednichenko, Svetlana"]
[Black "Coleman, Teddy"]
[Result "1/2-1/2"]
[WhiteTitle "WGM"]
[BlackTitle "FM"]
[WhiteElo "2279"]
[BlackElo "2356"]
[WhiteFideId "14105551"]
[BlackFideId "2022010"]
[EventDate "2012.03.06"]

1. d4 d5 2. Nf3 Nf6 3. e3 c6 4. Bd3 Bg4 5. Nbd2 Nbd7 6. O-O e6 7. b3 Bd6 8. Bb2
Qc7 9. h3 Bh5 10. c3 O-O 1/2-1/2